000 00447nam a2200157 a 4500
001 000047847
005 20201002060754.0
008 180829s1992 dr 000 spa d
040 _aDO-SdBNP
_bspa
_cBNPHU
082 _axxx
_bB928
100 1 _aBuesa, Jose Angel
_921887
245 0 _aAntología poética total. /
_cJose Angel Buesa.
260 _aSanto Domingo :
_bAmérica,
_c1992.
300 _a357 p. ;
_c21 cm.
590 _aInventariado,2018/DG
999 _c47335
_d47335